Principles of the Theory of solids/ (Record no. 11968)
[ view plain ]
| 000 -LEADER | |
|---|---|
| fixed length control field | 00741nam a22002411 4500 |
| 001 - CONTROL NUMBER | |
| control field | 279386 |
| 005 - DATE AND TIME OF LATEST TRANSACTION | |
| control field | 20240818092921.0 |
| 008 - FIXED-LENGTH DATA ELEMENTS--GENERAL INFORMATION | |
| fixed length control field | 831201s1964 enka b 000 0 eng |
| 010 ## - | |
| -- | 64021578 |
| 040 ## - CATALOGING SOURCE | |
| Original cataloging agency | DLC/ICU |
| Transcribing agency | ICU |
| Modifying agency | DLC |
| 050 00 - LIBRARY OF CONGRESS CALL NUMBER | |
| Classification number | QC176 |
| Item number | .Z53 |
| 082 00 - DEWEY DECIMAL CLASSIFICATION NUMBER | |
| Classification number | 530 |
| Edition number | 22 |
| Item number | ZIM |
| 100 1# - MAIN ENTRY--PERSONAL NAME | |
| Personal name | Ziman, J. M. |
| Fuller form of name | (John M.), |
| Dates associated with a name | 1925- |
| 9 (RLIN) | 6720 |
| 245 10 - TITLE STATEMENT | |
| Title | Principles of the Theory of solids/ |
| Statement of responsibility, etc | by J.M. Ziman. |
| 260 ## - | |
| -- | Cambridge, |
| -- | University Press, |
| -- | 1964. |
| 300 ## - PHYSICAL DESCRIPTION | |
| Extent | xiii, 360 p.: |
| Other physical details | ill. ; |
| Dimensions | 24 cm. |
| 336 ## - CONTENT TYPE | |
| Source | rdacontent |
| Content type term | text |
| Content type code | txt |
| 337 ## - MEDIA TYPE | |
| Media type term | unmediated |
| Source | rdamedia |
| Media type code | n |
| 338 ## - CARRIER TYPE | |
| Carrier type term | volume |
| Carrier type code | nc |
| Source | rdacarrier |
| 504 ## - BIBLIOGRAPHY, ETC. NOTE | |
| Bibliography, etc | Bibliography: p. 347-351. |
| 650 #0 - SUBJECT ADDED ENTRY--TOPICAL TERM | |
| Topical term or geographic name as entry element | Solid state physics. |
| 9 (RLIN) | 6721 |
| 942 ## - ADDED ENTRY ELEMENTS (KOHA) | |
| Source of classification or shelving scheme | Dewey Decimal Classification |
| Koha item type | Book - Borrowing |
| Classification part | RDA-MOD |
| Withdrawn status | Lost status | Source of classification or shelving scheme | Damaged status | Not for loan | Collection code | Home library | Current library | Shelving location | Date acquired | Source of acquisition | Cost, normal purchase price | Total Checkouts | Full call number | Barcode | Date last seen | Price effective from | Koha item type |
|---|---|---|---|---|---|---|---|---|---|---|---|---|---|---|---|---|---|
| Dewey Decimal Classification | Alef-Baa | Central Library | Central Library | First floor | 23/06/2009 | 150.00 | 530 ZIM | 000017021 | 15/07/2025 | 23/06/2009 | Book - Borrowing |